| 000 | 01796nam a2200457Ii 4500 | ||
|---|---|---|---|
| 001 | DIGMPONS0196 | ||
| 003 | NyNyDIG | ||
| 008 | 230314s2022 sp ob 000 0 spa d | ||
| 006 | m o d | ||
| 007 | cr ||||||||||| | ||
| 035 | _a(OCoLC)1347696019 | ||
| 040 |
_aDGITA _beng _erda _epn _cDGITA |
||
| 020 |
_a9788413813455 _qeBook |
||
| 020 | _z9788413813233 | ||
| 043 | _ae-sp--- | ||
| 050 | 1 | 4 | _aJN8345 ebook |
| 100 | 1 |
_aÁlvarez Álvarez, Leonardo, _eauthor. |
|
| 245 | 1 | 0 |
_aDivisión de poderes en el Estado de partidos / _cLeonardo Álvarez Álvarez [and 16 others] ; Ignacio Gutiérrez Gutiérrez, María Salvador (eds.). |
| 264 | 1 |
_aMadrid : _bMarcial Pons, _c2021. |
|
| 300 | _a1 online resource. | ||
| 336 |
_atext _btxt _2rdacontent |
||
| 337 |
_acomputer _bc _2rdamedia |
||
| 338 |
_aonline resource _bcr _2rdacarrier |
||
| 347 |
_atext file _2rdaft |
||
| 347 | _bEPUB | ||
| 490 | 1 | _aColección Derecho de partidos | |
| 504 | _aIncludes bibliographical references. | ||
| 588 | 0 | _aOnline resource; title from ePub title page (Digitalia, viewed March 14, 2023) | |
| 650 | 0 |
_aRepresentative government and representation _zSpain. |
|
| 650 | 0 |
_aRule of law _zSpain. |
|
| 650 | 0 |
_aSeparation of powers _zSpain. |
|
| 700 | 1 |
_aGutiérrez Gutiérrez, Ignacio, _eeditor. |
|
| 700 | 1 |
_aSalvador Martínez, María, _eeditor. |
|
| 791 | 2 |
_aDigitalia (Firm), _edistributor. |
|
| 793 | 0 |
_gDigitalia eBook Collection: _aMarcial Pons |
|
| 776 | 0 | 8 |
_iPrint version: _aÁlvarez Álvarez, Leonardo. _tDivisión de poderes en el Estado de partidos. _dMadrid : Marcial Pons, 2021 _z9788413813233 |
| 830 | 0 | _aDerecho de partidos. | |
| 856 | 4 | 0 |
_3Digitalia Hispánica _uhttps://www.digitaliapublishing.com/a/118926/ |
| 910 | _aPremium collection: 2023 | ||
| 942 | _cRAA | ||
| 999 |
_c275782 _d275782 |
||